000 01102nam0a2200337 4500
001 RU\NLR\BIBL_A\011495767
005 20260607080141.0
010 _a9785699995622
_910000
021 _aRU
_b2017-69619
_94942
035 _a(RuMoRGB)009395765
035 _a(NLR Aleph) 011495767
090 _a11970795
_c11970795
100 _a20171013d2017 u y0rusy50 ca
101 0 _arus
102 _aRU
105 _aa z 000zy
200 1 _aИллюзия и реальность
_fА. Г. Хакимов
210 _aМосква
_cЭксмо
_d2017
215 _a199, [8] с.
_cил.
_d21
225 1 _aВеды
_iДрагоценный путь
333 _a16+
606 _aКришнаизм
_91203333
_3RU\NLR\AUTH\66487468
606 _aПсихоэнергетика
_92099156
_3RU\NLR\AUTH\661269768
686 2 _aЭ331.8
686 1 _aЮ969
700 1 _7ca
_8rus
_aХакимов
_bА. Г.
_f1958-
_gАлександр Геннадьевич
_3RU\NLR\AUTH\770248342
_9248286
942 _cBOOK
980 _aNBR